000 00503nam a2200169Ia 4500
005 20250508152556.0
008 008 250505s9999 xx 000 0 eng d
037 _aTextual
040 _aFEDL
_beng
_cFEDL
041 _aeng
_2eng
084 _a371.270954, UNI
_qFEDL
245 0 _aReport of the committee on the Indian examinations reform project
245 0 _cUnited States Information Service
300 _a94p.
942 _cTEXL
_h371.270954, UNI
999 _c1337347
_d1337347